000
00213 a2200085 4500
001
90190
090
_c
42530
_d
42530
245
_a
Hazrat Armia ( A. S.)bachoon kelie qasasul ambia
260
_a
Karachi
_b
Children Books Pub
_c
2006
942
_a
NUST-CAE
999
_c
325263
_d
325263